Normal view
MARC view
- Mahathir Mohamad,
Entry Personal Name
001 - CONTROL NUMBER
- control field: 41
003 - CONTROL NUMBER IDENTIFIER
- control field: OSt
005 - DATE AND TIME OF LATEST TRANSACTION
- control field: 20170412130138.0
008 - FIXED-LENGTH DATA ELEMENTS
- fixed length control field: 170412|| aca||aabn | a|a d
040 ## - CATALOGING SOURCE
- Original cataloging agency: OSt
- Transcribing agency: OSt
100 ## - HEADING--PERSONAL NAME
- Personal name: Mahathir Mohamad,
- Titles and other words associated with a name: Tun,
- Dates associated with a name: 1925-
500 ## - SEE ALSO FROM TRACING--PERSONAL NAME
- Personal name: Mahathir bin Mohamad,
- Titles and other words associated with a name: Dato' Seri,
- Dates associated with a name: 1925-
670 ## - SOURCE DATA FOUND
- Source citation: Work cat.: (OSt)0: Mahathir Mohamad, Tun, 1925-, The way forward :, 1998

PORTAL AKMAL
E-MEL JKDM
AKMAL2U
G-BAM
u-PUSTAKA